| 000 -LEADER |
| fixed length control field |
02142cam a2200421 i 4500 |
| 001 - CONTROL NUMBER |
| control field |
21740996 |
| 003 - CONTROL NUMBER IDENTIFIER |
| control field |
NUST |
| 005 - DATE AND TIME OF LATEST TRANSACTION |
| control field |
20220825131107.0 |
| 008 - FIXED-LENGTH DATA ELEMENTS--GENERAL INFORMATION |
| fixed length control field |
201001s2021 cau b 001 0 eng |
| 010 ## - LIBRARY OF CONGRESS CONTROL NUMBER |
| LC control number |
2020044400 |
| 020 ## - INTERNATIONAL STANDARD BOOK NUMBER |
| International Standard Book Number |
9781523092628 |
| Qualifying information |
(paperback ; |
| -- |
alk. paper) |
| 020 ## - INTERNATIONAL STANDARD BOOK NUMBER |
| Canceled/invalid ISBN |
9781523092635 |
| Qualifying information |
(adobe pdf) |
| 020 ## - INTERNATIONAL STANDARD BOOK NUMBER |
| Canceled/invalid ISBN |
9781523092642 |
| Qualifying information |
(epub) |
| 038 ## - RECORD CONTENT LICENSOR |
| Staff Name |
Azhar |
| 040 ## - CATALOGING SOURCE |
| Original cataloging agency |
DLC |
| Language of cataloging |
eng |
| Transcribing agency |
DLC |
| Description conventions |
rda |
| Modifying agency |
DLC |
| 042 ## - AUTHENTICATION CODE |
| Authentication code |
pcc |
| 050 00 - LIBRARY OF CONGRESS CALL NUMBER |
| Classification number |
BF637.C45 |
| Item number |
S352 2021 |
| 082 00 - DEWEY DECIMAL CLASSIFICATION NUMBER |
| Classification number |
155.4136 |
| Edition number |
23 |
| Author Mark |
SCH |
| 100 1# - MAIN ENTRY--PERSONAL NAME |
| Personal name |
Schein, Edgar H., |
| Relator term |
author. |
| 9 (RLIN) |
4140 |
| 245 10 - TITLE STATEMENT |
| Title |
Humble inquiry : |
| Remainder of title |
the gentle art of asking instead of telling |
| Statement of responsibility, etc. |
Edgar H. Schein and Peter A. Schein. |
| 250 ## - EDITION STATEMENT |
| Edition statement |
Second edition, revised and expanded. |
| 260 ## - PUBLICATION, DISTRIBUTION, ETC. |
| Place of publication, distribution, etc. |
Oakland, CA : |
| Name of publisher, distributor, etc. |
Berrett-Koehler Publishers, Inc., |
| Date of publication, distribution, etc. |
2021 |
| 300 ## - PHYSICAL DESCRIPTION |
| Extent |
xiv, 151 pages ; |
| Dimensions |
22 cm |
| 336 ## - CONTENT TYPE |
| Content type term |
text |
| Content type code |
txt |
| Source |
rdacontent |
| 337 ## - MEDIA TYPE |
| Media type term |
unmediated |
| Media type code |
n |
| Source |
rdamedia |
| 338 ## - CARRIER TYPE |
| Carrier type term |
volume |
| Carrier type code |
nc |
| Source |
rdacarrier |
| 504 ## - BIBLIOGRAPHY, ETC. NOTE |
| Bibliography, etc. note |
Includes bibliographical references and index. |
| 505 0# - FORMATTED CONTENTS NOTE |
| Formatted contents note |
To Boldly Tell or Humbly Inquire -- The Humble Inquiry Attitude -- How Is Humble Inquiry Different? -- The Culture of Do and Tell -- Cultural Do's and Don'ts of Conversation -- What Really Goes On in a Conversation -- What Goes On Inside Your Head? -- Developing the Attitude of Humble Inquiry. |
| 520 ## - SUMMARY, ETC. |
| Summary, etc. |
"This new edition of the worldwide bestseller (over 200,000 copies sold and translated into seventeen languages) from two of the true giants in organizational culture studies offers 50% new content and a simple and effective technique for building more positive relationships, especially between people of different statuses"-- |
| Assigning source |
Provided by publisher. |
| 650 #0 - SUBJECT ADDED ENTRY--TOPICAL TERM |
| Topical term or geographic name entry element |
Interpersonal communication. |
| 9 (RLIN) |
4420 |
| 650 #0 - SUBJECT ADDED ENTRY--TOPICAL TERM |
| Topical term or geographic name entry element |
Interpersonal relations. |
| 9 (RLIN) |
12558 |
| 650 #0 - SUBJECT ADDED ENTRY--TOPICAL TERM |
| Topical term or geographic name entry element |
Organizational behavior. |
| 650 #0 - SUBJECT ADDED ENTRY--TOPICAL TERM |
| Topical term or geographic name entry element |
Humility. |
| 9 (RLIN) |
96589 |
| 700 1# - ADDED ENTRY--PERSONAL NAME |
| Personal name |
Schein, Peter A., |
| Relator term |
author. |
| 9 (RLIN) |
96590 |
| 906 ## - LOCAL DATA ELEMENT F, LDF (RLIN) |
| a |
7 |
| b |
cbc |
| c |
orignew |
| d |
1 |
| e |
ecip |
| f |
20 |
| g |
y-gencatlg |
| 942 ## - ADDED ENTRY ELEMENTS (KOHA) |
| Source of classification or shelving scheme |
|
| Koha item type |
Lincoln Corner |